| 000 | 01280ngm a22003610a 4500 | ||
|---|---|---|---|
| 001 | PT15493 | ||
| 003 | AR-LpoUNG | ||
| 005 | 20210202000145.0 | ||
| 007 | vd cvaizq | ||
| 008 | 191001s1969||||ag |||||||||||||||||spa d | ||
| 037 | _c$10 | ||
| 040 |
_aAR-LpoUNG _bspa _cAR-LpoUNG _eaacr |
||
| 041 | _aspa | ||
| 044 | _aag | ||
| 082 | 0 | _a982.063 91tie | |
| 100 | 1 |
_aJuárez, Enrique J. _edir. |
|
| 245 | 1 | 0 |
_aYa es tiempo de violencia : _b1969 : El Cordobazo |
| 260 |
_aBuenos Aires : _bBlackman, _c1969. |
||
| 300 | _aVHS (44 min.) : son., byn | ||
| 520 | _aCuando a las 12:50 del jueves 29 de mayo de 1969, cayó en las calles aledañas a la terminal de ónmibus de la ciudad de Córdoba el obrero mecánico Máximo Mena, con el corazón perforado de un balazo de pistola 45, comenzó a generarse el estallido insurreccional de mayor virulencia y mayor costo social que registra la historia argentina contemporánea: El Cordobazo. | ||
| 650 | 4 | _aARGENTINA | |
| 650 | 4 | _aDICTADURA | |
| 650 | 4 | _aGOBIERNO MILITAR | |
| 650 | 4 | _aMOVILIZACION SOCIAL | |
| 650 | 4 | _aMOVIMIENTOS SOCIALES | |
| 650 | 4 | _aREVOLUCION | |
| 650 | 4 | _aSISTEMAS POLITICOS | |
| 650 | 4 | _aSOCIEDAD | |
| 653 | _aVIDEOS | ||
| 700 | 1 |
_aBresky, Armando _eprod. |
|
| 905 | _a15493 | ||
| 942 | _cVIDEO | ||
| 999 |
_c54223 _d54223 |
||